000 01364nam a2200301 i 4500
001 183995
003 ES-MaACL
005 20250729063247.0
008 150128m20062010sp aco |||| |dspa d
020 _a84-933594-6-7
080 _a39(460.184)
100 1 _aPérez Mencía, Emiliano,
_d1942-
_eaut
_9156182
245 1 0 _aValles de Benavente :
_boficios tradicionales y artesanos /
_cEmiliano Pérez Mencía
260 _aBenavente :
_bCentro de Estudios Benaventanos "Ledo del Pozo",
_c2006-2010
300 _a2 v. (224 ; 209 páginas) :
_bilustraciones (color) ;
_c24 cm
490 1 _aPatrimonio y medio ambiente ;
_v2, 6
504 _aBibliografía.
650 4 _aOficios-
_zZamora (Provincia)
_9156244
650 4 _aArtesanía-
_zZamora (Provincia)
_9156247
710 2 _aCentro de Estudios Benaventanos "Ledo del Pozo"
_eedt
_9144530
830 0 _aPatrimonio y medio ambiente ;
_v2, 6
_9192017
852 _aES-MaACL
_bR.150344
_cDEPO1
_dOlim: N-6347
_hDonativo Centro de Estudios Benaventanos "Ledo del Pozo"
_jA-13347
_pv. 1
_9190960
852 _aES-MaACL
_bR.150347
_cDEPO1
_dOlim: 13348
_hDonativo Centro de Estudios Benaventanos "Ledo del Pozo"
_jA-13348
_pv. 2
_9200821
914 _9144530
_aCentro de Estudios Benaventanos "Ledo del Pozo"
_ednr
942 _2udc
_cMONOGRAFIA
_n0
999 _c183995
_d183995